000 00448nam a2200133Ia 4500
008 100328s9999 xx 000 0 und d
082 _b41548
100 _aदेशमुख श्रीकृष्ण द.
245 _aबृहदारण्यकोपनिषद
260 _bमोरया
630 _aबृहदारण्यकोपनिषद
730 _aबृहदारण्यकोपनिषद
942 _cBOOK
999 _c530126
_d530123